| 000 | 00529nam a22001937i 4500 | ||
|---|---|---|---|
| 001 | 6183 | ||
| 003 | OSt | ||
| 005 | 20181102151233.0 | ||
| 007 | tu | ||
| 008 | 161220s xxu||||| |||| 00| 0 d | ||
| 024 | 7 |
_a6183 _2RID |
|
| 024 | 7 |
_a6183 _2RSN (alt) |
|
| 040 | _cOSt | ||
| 100 | 1 |
_aSchneidewind, Peter _eEd. |
|
| 245 | 0 | 0 | _aDer Donauraum |
| 260 |
_aWien : _bÖsterreichisches Institut für Raumplanung (ÖIR). |
||
| 490 |
_aRaum. Österreichische Zeitschrift für Raumplanung und Regionalpolitik _v26 _x1024-137X |
||
| 942 | _cP | ||
| 999 |
_c5820 _d5820 |
||